00226nam a2200097 4500020001400000082001400014100001700028245003200045260004300077300000800120 a034007870 a519.5 ERR aB.C.Erricker aAdvanced General Statistics aLondonbEnglish University Pressc1971 a350